000
00262nam a22000977a 4500
008
230714b |||||||| |||| 00| 0 eng d
020
_a
9780061252334
100
_a
HUNTER ERIN
_9
7697
245
_a
WARRIORS (WARRIOR'S RETURN)-3
260
_a
LOS ANGELES
_b
TOKYOPOP
_c
2000
999
_c
12371
_d
12371